Na čom záleží? Kľúčové aspekty biznis modelov maloobchodných potravinárskych reťazcov z pohľadu generácie Z na Slovensku

Identifikácia a skúmanie kľúčových faktorov, ktoré sú dôležité pri nákupe potravín, ako aj vplyv týchto faktorov na nákupné rozhodovanie generácie Z na Slovensku. V rámci hodnotenia boli využité prvky deskriptívnej štatistiky, ako aj exploračná faktorová analýza (EFA). Výsledky poukazujú na existenc...

Celý popis

Uložené v:
Podrobná bibliografia
Hlavný autor: Čvirik, Marián, 1992-
Médium: Kapitola
Jazyk:Slovak
Predmet:
Tagy: Pridať tag
Žiadne tagy, Buďte prvý, kto otaguje tento záznam!

MARC

LEADER 00000naa$a2200000$$$4500
001 0303921
005 20240903103222.0
041 0 |a slo 
044 |a SK 
245 1 0 |a Na čom záleží? Kľúčové aspekty biznis modelov maloobchodných potravinárskych reťazcov z pohľadu generácie Z na Slovensku  |c Marián Čvirik 
520 |a Identifikácia a skúmanie kľúčových faktorov, ktoré sú dôležité pri nákupe potravín, ako aj vplyv týchto faktorov na nákupné rozhodovanie generácie Z na Slovensku. V rámci hodnotenia boli využité prvky deskriptívnej štatistiky, ako aj exploračná faktorová analýza (EFA). Výsledky poukazujú na existenciu generických faktorov, na základe ktorých je vhodné vytvárať obchodné modely a vytvárať tak lepšiu hodnotu pre zákazníkov skúmaného segmentu. Z pohľadu praxe výsledky poskytujú návod na to, na aké faktory by sa marketingoví manažéri mali zamerať pri tvorbe svojho obchodného modelu v oblasti maloobchodu s potravinami. 
610 2 0 |a maloobchod 
610 2 0 |a modely obchodné 
610 2 0 |a rozhodovanie nákupné 
610 2 0 |a zákazníci 
610 2 0 |a potraviny 
610 2 0 |a generácie 
610 2 0 |a štatistika 
610 2 0 |a analýza faktorová 
610 2 0 |a marketing 
610 2 0 |a Slovensko 
100 1 |a Čvirik, Marián, 1992-